Central Library OPAC University of Rajshahi

Srīkanṭhikā : (Record no. 86159)

MARC details
000 -LEADER
fixed length control field 01009nam a2200289 a 4500
001 - CONTROL NUMBER
control field 86159
003 - CONTROL NUMBER IDENTIFIER
rucl marc code BD-RjUL
005 - DATE AND TIME OF LATEST TRANSACTION
control field 20260201104145.0
008 - FIXED-LENGTH DATA ELEMENTS--GENERAL INFORMATION
fixed length control field 260201s1973 ii a b 000 0 eng
035 ## - SYSTEM CONTROL NUMBER
System control number (BD-RjUL)86159
040 ## - CATALOGING SOURCE
Original cataloging agency DLC
Transcribing agency DLC
Modifying agency DLC
-- BD-RjUL
Language of cataloging eng
041 ## - LANGUAGE CODE
Language code of text/sound track or separate title eng
082 ## - DEWEY DECIMAL CLASSIFICATION NUMBER
Edition number 23
Classification number 954
Author mark and year SAS 1973
100 ## - MAIN ENTRY--PERSONAL NAME
Personal name Sastri, S. Srikanta
9 (RLIN) 17668
245 00 - TITLE STATEMENT
Title Srīkanṭhikā :
Remainder of title Dr. S. Srikantha Sastri felicitation volume /
Statement of responsibility, etc. S. Srikanta Sastri
260 ## - PUBLICATION, DISTRIBUTION, ETC. (IMPRINT)
Place of publication, distribution, etc. Mysore :
Name of publisher, distributor, etc. Geetha Book House on behalf of Dr. S. Srikantha Sastri Felicitation Committee,
Date of publication, distribution, etc. 1973
300 ## - PHYSICAL DESCRIPTION
Pagination xii, 395 p.:
Illustrations illus.;
Size 25 cm.
336 ## - CONTENT TYPE
Content type term text
Content type code txt
Source rdacontent
337 ## - MEDIA TYPE
Media type term unmediated
Media type code n
Source rdamedia
338 ## - CARRIER TYPE
Carrier type term volume
Carrier type code nc
Source rdacarrier
504 ## - BIBLIOGRAPHY, ETC. NOTE
Bibliography, etc Bibliography: p. [383]-392.
600 10 - SUBJECT ADDED ENTRY--PERSONAL NAME
Personal name Srikanta Sastri, S.,
Dates associated with a name 1904-1974.
651 #0 - SUBJECT ADDED ENTRY--GEOGRAPHIC NAME
Geographic name Karnataka (India)
General subdivision Civilization.
9 (RLIN) 17670
Geographic name Carnatic (India)
General subdivision History.
9 (RLIN) 17671
700 1# - ADDED ENTRY--PERSONAL NAME
Personal name Srikanta Sastri, S.,
Dates associated with a name 1904-1974.
942 ## - ADDED ENTRY ELEMENTS (KOHA)
Source of classification or shelving scheme Dewey Decimal Classification
Koha item type Books
Holdings
Lost status Source of classification or shelving scheme Damaged status Not for loan Collection code Permanent Location Current Location Shelving location Date acquired Total Checkouts Full call number Date last seen Copy number Koha item type
  Dewey Decimal Classification   Not For Loan Non-fiction Central Library, University of Rajshahi Central Library, University of Rajshahi Reading Room 01/02/2026   954 SAS 1973 01/02/2026 C-1 Books